[Event "Moscow op-E"]
[Site "Moscow"]
[Date "2011.01.29"]
[Round "1.14"]
[White "Ramazanov, Baga"]
[Black "Einor, Pavel"]
[Result "0-1"]
[WhiteElo "1912"]
[BlackElo "2091"]
[PlyCount "99"]
[EventDate "2011.01.29"]
[EventType "swiss"]
[EventRounds "9"]
[EventCountry "RUS"]
[SourceTitle "EXT 2022"]
[Source "ChessBase"]
[SourceDate "2021.10.06"]
[SourceVersion "1"]
[SourceVersionDate "2021.10.06"]
[SourceQuality "1"]

1. e4 g6 2. d4 Bg7 3. Nc3 c6 4. Nf3 d6 5. a4 Nf6 6. Be2 0-0 7. 0-0 Qc7 8. Bg5 Nbd7 9. Qd2 e5 10. dxe5 dxe5 11. Rfd1 Nc5 12. Bxf6 Bxf6 13. Qd6 Qxd6 14. Rxd6 Kg7 15. Rad1 Ne6 16. R6d2 Nd4 17. b4 Be6 18. Nxd4 exd4 19. Nb1 a5 20. b5 cxb5 21. Bxb5 Rac8 22. f4 Rc7 23. Kh1 Rd8 24. Bd3 Be7 25. Rf2 Bd7 26. Bb5 Bxb5 27. axb5 Rc5 28. g3 Rxb5 29. Kg2 a4 30. f5 f6 31. fxg6 hxg6 32. Nd2 Bb4 33. Nc4 Bc3 34. Rf3 Ra8 35. Na3 Re5 36. Rb1 Re7 37. Rb6 Rf7 38. Kf2 Re8 39. Rf4 Bd2 40. Rg4 Bc1 41. Nc4 Rc8 42. Rb1 Rxc4 43. Rxc1 Rfc7 44. Ke2 Rc3 45. Kd2 d3 46. Rf4 b5 47. Rf3 Rxc2+ 48. Rxc2 dxc2 49. Kc1 b4 50. Rd3 0-1